000 00961nam a2200289 i 4500
001 69091
003 ES-MaACL
005 20250804030234.0
007 t|
008 040909s2001 sp ||||1| spa d
020 _a84-95503-18-2
080 _a946.0"1655/1700"
080 _a946.0"1700/14"
100 0 _aGarcía Cárcel, Ricardo,
_d1948-
_954339
245 1 0 _aEspaña en 1700
_b: ¿Austrias o Borbones? /
_cRicardo García Cárcel, Rosa María Alabrús Iglesias.
250 _a1ª ed.
260 _aMadrid :
_bArlanza,
_c2001.
300 _a131 p. ;
_c23 cm.
490 1 _aLos Borbones ;
_v1
504 _aBibliografía: p. 121-124.
650 7 _aGuerra de Sucesión española, 1700-1714
_2embne
_9140912
651 4 _aEspaña-
_xHistoria-
_y1665-1700, Carlos II.
_98236
700 1 _aAlabrús Iglesias, Rosa María.
_919071
830 0 _aLos Borbones ;
_v1
_9183244
852 _aES-MaACL
_jL-28072
_bR.134044
999 _c69091
_d69091